000 00550cam a2200205 4500
001 3587271
005 20180215033047.0
008 731003s1966 nyu b 000 0 eng
010 _a 66009100
040 _aDLC
_cDLC
_dDLC
041 _aeng
080 _a658.15
082 0 0 _a658.15 FAR
100 1 _a54
101 _aLID
245 1 0 _aConcepts for management accounting,
_cby Walter B. McFarland.
504 _aBibliographical references included in footnotes.
906 _a7
_bcbc
_corignew
_du
_eocip
_f19
_gy-gencatlg
942 _2ddc
_cBK
999 _c42566
_d42566